000
00243 a2200097 4500
000
nam a22 7a 4500
005
20260302121556.0
100
_a
Levitsky, Steven; Ziblatt, Daniel
_9
1123468
245
_a
How Democracies Die
942
_c
TEXL
999
_c
1688375
_d
1688375